Представление документа в формате RUSMARC

ПолеНазваниеЗначение
  Тип записи a
  Библиографический уровень m
001 Контрольный номер 39804fe120a54af99772c43c0fe03a67
005 Дата корректировки 20140526192712.7
101 Язык документа 0_
a Язык текста rus
102 Страна публикации __
a Страна публикации RU
200 Заглавие и сведения об ответственности 1_
a Заглавие Автоматизация складского учета с использованием программы 1=один С: Торговля и Склад
e Сведения, относящиеся к заглавию практикум
f Первые сведения об ответственности Г. Н. Егорова, Т. Н. Смирнова
g Последующие сведения об ответственности Чебоксар. кооп. ин-т
210 Выходные данные 1_
c Издательство ЧКИ РУК
a Место издания Чебоксары
d Дата издания 2007
215 Физическое описание __
a Объем 63, [1] с.
607 Географические рубрики __
a Географическое наименование филиал
b Чебоксары
610 Ключевые слова 0_
a Ключевые слова складской учет
610 Ключевые слова 0_
a Ключевые слова автоматизация
610 Ключевые слова 0_
a Ключевые слова компьютеризация бухгалтерского учета
610 Ключевые слова 0_
a Ключевые слова 1с: торговля и склад
686 Индексы других классификаций __
a Классификационный индекс 65.052.9(2)242я73
2 Код системы rubbk
686 Индексы других классификаций __
a Классификационный индекс 65.052.9(2)214я73
2 Код системы rubbk
686 Индексы других классификаций __
a Классификационный индекс 32.973.202я73
2 Код системы rubbk
700 Автор _1
a Фамилия Егорова
b Имя Г. Н.
g Полное личное имя Галина Николаевна
701 Альтернативная интеллектуальная ответственность _1
a Фамилия Смирнова
b Имя Т. Н.
g Полное личное имя Татьяна Николаевна
u 2
711 Наименование организации. (Альтернативная ответственность) 02
a Организация/ юрисдикция Чебоксар. кооп. ин-т
801 Источник записи _0
a Страна RU
b Организация РУК
c Дата составления 20071126
g Правила каталогизации PSBO
801 Источник записи _1
a Страна RU
b Организация РУК
c Дата составления 20071126
g Правила каталогизации PSBO
852 Данные о местонахождении __
j Шифр хранения ББК 65.050
i Авторский знак Е 30
901 Тип документа __
t Тип документа m
938 Служебная информация __
a Название организации Головной вуз
b Имя БД BOOK
c Название АИБС АИБС ИРБИС